000 00440nam a2200181Ia 4500
001 25026
005 20260414151122.0
008 260414t1992||||xx |||||||||||||| ||spa||
041 _aESP
082 _a346.1
_bR91 1992
100 _aRubio Correa, Marcial
_eAUT
245 0 _aEl ser humano como persona natural
_b
260 _c1992
300 _a217 páginas :
_c20 cm.
650 _aDER
654 _aCDE
942 _cLIB
_dJUS
_fJUS
_2ddc
_n
999 _c25026
_d25026